Vzdělávací politika a rozvoj školství v České republice po roce 1989

Transformácia školstva v Českej republike po roku 1989. Charakteristika základných línií vzdelávacej politiky a jej nositeľov. Školské zákonodarstvo a koncepčné dokumenty o rozvoji školstva. Jednotlivé fázy transformácie českého školstva. Projekty transformácie. Realizovanie efektívnejších prostried...

Descrizione completa

Salvato in:
Dettagli Bibliografici
Autore principale: Kotásek, Jiří
Natura: Capitolo di libro
Lingua:ceco
Soggetti:
Tags: Aggiungi Tag
Nessun Tag, puoi essere il primo ad aggiungerne!!

MARC

LEADER 00000naa$a2200000$$$4500
001 0029276
005 20231010123510.4
041 0 |a cze 
044 |a SK 
245 1 0 |a Vzdělávací politika a rozvoj školství v České republice po roce 1989  |c Jiří Kotásek 
520 |a Transformácia školstva v Českej republike po roku 1989. Charakteristika základných línií vzdelávacej politiky a jej nositeľov. Školské zákonodarstvo a koncepčné dokumenty o rozvoji školstva. Jednotlivé fázy transformácie českého školstva. Projekty transformácie. Realizovanie efektívnejších prostriedkov riadenia a správy školstva (vrátane učiteľov, ich úloh, pracovných podmienok a prípravy). 
610 2 0 |a školstvo 
610 2 0 |a sústava výchovno-vzdelávacia 
610 2 0 |a transformácia 
610 2 0 |a 1989 
610 2 0 |a Česko 
610 2 0 |a legislatíva 
610 2 0 |a politika školská 
100 1 |a Kotásek, Jiří